[Event "Pan American-ch U14 Girls"]
[Site "Guayaquil"]
[Date "2019.07.22"]
[Round "3"]
[White "Loor Veliz, Thais Arianna"]
[Black "Francisco Guecamburu, Candela Be"]
[Result "0-1"]
[WhiteElo "1351"]
[BlackElo "1809"]
[PlyCount "62"]
[EventDate "2019.07.21"]
[EventType "swiss"]
[EventRounds "9"]
[EventCountry "ECU"]
[SourceTitle "EXT 2020"]
[Source "ChessBase"]
[SourceDate "2019.10.17"]
[SourceVersion "1"]
[SourceVersionDate "2019.10.17"]
[SourceQuality "1"]

1. d4 d5 2. Bf4 Bg4 3. Nd2 Nf6 4. Ngf3 e6 5. c3 c5 6. Qb3 Qc8 7. Ne5 Nbd7 8. Nxg4 Nxg4 9. h3 Ngf6 10. e3 Be7 11. Be2 0-0 12. 0-0 c4 13. Qc2 Qc6 14. Rac1 b5 15. f3 Bd6 16. Bxd6 Qxd6 17. e4 Qf4 18. Rf2 e5 19. Rd1 Rad8 20. b3 exd4 21. cxd4 Nb6 22. Qc3 Rc8 23. e5 Nh5 24. Nf1 Rfe8 25. Qa5 Qg5 26. Qxb5 Nf4 27. Kh2 Qh4 28. Ng3 Re6 29. Bf1 Rg6 30. Nh1 Nxh3 31. g3 Rxg3 0-1

[Event "ECU-ch U16 Girls"]
[Site "Guayaquil"]
[Date "2019.04.18"]
[Round "3"]
[White "Loor Veliz, Thais Arianna"]
[Black "Ayala Rosero, Ariana Marcela"]
[Result "0-1"]
[WhiteElo "1369"]
[BlackElo "1513"]
[PlyCount "82"]
[EventDate "2019.04.17"]
[EventType "swiss"]
[EventRounds "9"]
[EventCountry "ECU"]
[SourceTitle "CBM 190 Extra"]
[Source "ChessBase"]
[SourceDate "2019.07.15"]
[SourceVersion "1"]
[SourceVersionDate "2019.07.15"]
[SourceQuality "1"]

1. e4 c5 2. Nf3 d6 3. d4 cxd4 4. Nxd4 Nf6 5. Nc3 a6 6. a4 e5 7. Nb3 Be6 8. Be2 Nc6 9. 0-0 Be7 10. Kh1 0-0 11. f4 exf4 12. Bxf4 Qb6 13. Nd5 Bxd5 14. exd5 Nb4 15. Bf3 Rac8 16. a5 Qb5 17. Nd4 Qd7 18. Bg3 g6 19. Rf2 Rfd8 20. Nb3 Qf5 21. Nd4 Qg5 22. Re2 Bf8 23. c3 Nbxd5 24. Qe1 Re8 25. Rxe8 Rxe8 26. Qf2 Ne4 27. Bxe4 Rxe4 28. Rf1 f5 29. Nc2 Qe7 30. Qd2 Qe6 31. Rd1 Ne3 32. Nxe3 Rxe3 33. Qd4 g5 34. Bf2 Re2 35. Rd2 Re1+ 36. Bg1 Qe5 37. Qf2 Kg7 38. Rc2 Kg6 39. Rd2 g4 40. Rc2 Bh6 41. Qb6 Be3 0-1